Hình tượng con người cô đơn trong tiểu thuyết Hồ Quý Ly của Nguyễn Xuân Khánh

Tiểu thuyết Hồ Quý Ly - Từ quan niệm về tiểu thuyết lịch sử đến ý thức biểu đạt hình tượng con người cô đơn trong văn học. Hệ thống hình tượng con người cô đơn trong tiểu thuyết Hồ Quý Ly của Nguyễn Xuân Khánh. Nghệ thuật thể hiện hình tượng con người cô đơn trong tiểu thuyết Hồ Quý Ly của Nguyễn Xu...

Mô tả đầy đủ

Đã lưu trong:
Chi tiết về thư mục
Tác giả chính: Đào, Thị Nhung
Tác giả khác: Nguyễn Thanh Sơn TS (Hướng dẫn)
Định dạng: Sách
Ngôn ngữ:Vietnamese
Được phát hành: Đại học Đà Nẵng Trường Đại học Sư Phạm 2011
Loạt:Luận văn thạc sỹ khoa học xã hội và nhân văn. Chuyên ngành: Văn học Việt Nam. MS: 60.22.34
Những chủ đề:
Các nhãn: Thêm thẻ
Không có thẻ, Là người đầu tiên thẻ bản ghi này!
Thư viện lưu trữ: Mạng thư viện Đại học Đà Nẵng
LEADER 01863nam a2200361 4500
001 000012285
003 8579
005 20120222080223.0
008 120217s2011 viesd
041 |a vie 
072 |a Luận văn thạc sỹ khoa học 
082 |a 895.9223  |b ĐA-N 
100 |a Đào, Thị Nhung 
245 |a Hình tượng con người cô đơn trong tiểu thuyết Hồ Quý Ly của Nguyễn Xuân Khánh  |c Đào, Thị Nhung 
260 |a Đại học Đà Nẵng  |b Trường Đại học Sư Phạm  |c 2011 
300 |a 95 tr.  |b Tóm tăt, CD, Phụ lục, hình ảnh minh họa  |c 19 cm 
490 |a Luận văn thạc sỹ khoa học xã hội và nhân văn. Chuyên ngành: Văn học Việt Nam. MS: 60.22.34 
500 |a Tham khảo phụ lục trang 91 
520 |a Tiểu thuyết Hồ Quý Ly - Từ quan niệm về tiểu thuyết lịch sử đến ý thức biểu đạt hình tượng con người cô đơn trong văn học. Hệ thống hình tượng con người cô đơn trong tiểu thuyết Hồ Quý Ly của Nguyễn Xuân Khánh. Nghệ thuật thể hiện hình tượng con người cô đơn trong tiểu thuyết Hồ Quý Ly của Nguyễn Xuân Khánh 
653 |a Hồ Quý Ly 
653 |a hình tượng con người 
653 |a văn học Việt nam 
700 |a Nguyễn Thanh Sơn  |c TS  |e Hướng dẫn 
OWN |a LSP 
AVA |a UDN50  |b LSP  |d 895.9223 ĐA-N  |e available  |t Error 5001 Not defined in file expand_doc_bib_avail.  |f 1  |g 0  |h N  |i 0  |k 1 
999 |a From the UDN01 
AVA |a UDN50  |b LSP  |d 895.9223 ĐA-N  |e available  |t Error 5001 Not defined in file expand_doc_bib_avail.  |f 1  |g 0  |h N  |i 0  |k 1 
TYP |a Monograph 
TYP |a Printed language 
980 |a Mạng thư viện Đại học Đà Nẵng